EVERY Ariana Grande Song - Statistics

General Stats
  • This quiz has been taken 19 times
  • The average score is 108 of 202
Answer Stats
Album Songs % Correct
Sweetener pete davidson
91%
Sweetener sweetener
91%
Sweetener the light is coming
91%
Positions 34+35
82%
thank u, next 7 rings
82%
Yours Truly Baby I
82%
My Everything (Deluxe) Bang Bang
82%
My Everything Break Free
82%
thank u, next break up with your girlfriend, i'm bored
82%
Dangerous Woman Dangerous Woman
82%
Charlie's Angels (Original Motion Picture Soundtrack) Don't Call Me Angel
82%
eternal sunshine eternal sunshine
82%
Sweetener God is a woman
82%
Sweetener goodnight n go
82%
Dangerous Woman Let Me Love You
82%
Dangerous Woman Moonlight
82%
Positions my hair
82%
Sweetener no tears left to cry
82%
My Everything One Last Time
82%
Wicked: The Soundtrack Popular
82%
Yours Truly Popular Song
82%
Positions positions
82%
Positions pov
82%
My Everything Problem
82%
Sweetener raindrops (an angel cried)
82%
Sweetener R.E.M
82%
Christmas Singles/Collaborations/Others Santa Tell Me
82%
Dangerous Woman Side To Side
82%
Collaborations/Features Stuck with U
82%
thank u, next thank u, next
82%
eternal sunshine the boy is mine
82%
Yours Truly The Way
82%
Positions (Deluxe) 34+35 Remix
73%
Yours Truly Almost Is Never Enough
73%
thank u, next bad idea
73%
Dangerous Woman Be Alright
73%
Sweetener better off
73%
Sweetener blazed
73%
thank u, next bloodline
73%
Sweetener borderline
73%
Sweetener breathin
73%
eternal sunshine bye
73%
eternal sunshine don't wanna break up again
73%
Sweetener everytime
73%
Singles Focus
73%
Sweetener get well soon
73%
thank u, next ghostin
73%
Dangerous Woman Greedy
73%
Yours Truly Honeymoon Avenue
73%
eternal sunshine imperfect for you
73%
thank u, next in my head
73%
Dangerous Woman Into You
73%
Christmas & Chill | My Everything Intro
73%
eternal sunshine intro (end of the world)
73%
Positions just like magic
73%
thank u, next make up
73%
Positions motive
73%
thank u, next NASA
73%
thank u, next needy
73%
Yours Truly Right There
73%
Positions safety net
73%
Christmas Kisses Santa Baby
73%
eternal sunshine Saturn Returns Interlude
73%
Collaborations/Features Save Your Tears
73%
Positions shut up
73%
Positions six thirty
73%
Sweetener successful
73%
eternal sunshine supernatural
73%
Yours Truly Tattooed Heart
73%
Dangerous Woman Touch It
73%
eternal sunshine true story
73%
Positions (Deluxe) worst behaviour
73%
Dangerous Woman Bad Decisions
64%
My Everything Be My Baby
64%
My Everything Best Mistake
64%
My Everything Break Your Heart Right Back
64%
My Everything (Tenth Anniversary Edition) Cadillac Song
64%
eternal sunshine deluxe: brighter days ahead dandelion
64%
Yours Truly Daydreamin'
64%
Wicked: The Soundtrack Defying Gravity
64%
Dangerous Woman Everyday
64%
thank u, next fake smile
64%
My Everything Hands On Me
64%
Dangerous Woman I Don't Care
64%
thank u, next imagine
64%
eternal sunshine i wish i hated you
64%
My Everything Just A Little Bit Of Your Heart
64%
Dangerous Woman Knew Better/Forever Boy
64%
Dangerous Woman Leave Me Lonely
64%
Positions love language
64%
My Everything Love Me Harder
64%
Yours Truly Lovin' It
64%
Collaborations/Features MONOPOLY
64%
My Everything My Everything
64%
Positions nasty
64%
Positions off the table
64%
My Everything (Deluxe) Only 1
64%
eternal sunshine ordinary things
64%
eternal sunshine deluxe: brighter days ahead past life
64%
Yours Truly Piano
64%
Christmas Kisses Snow In California
64%
Dangerous Woman Sometimes
64%
Dangerous Woman Step On Up
64%
Positions (Deluxe) test drive
64%
eternal sunshine deluxe: brighter days ahead twilight zone
64%
eternal sunshine deluxe: brighter days ahead warm
64%
eternal sunshine we can't be friends (wait for your love)
64%
Positions west side
64%
My Everything Why Try
64%
eternal sunshine yes, and?
64%
Yours Truly You'll Never Know
64%
Christmas Singles/Collaborations/Others A Hand For Mrs Claus
55%
Yours Truly Better Left Unsaid
55%
Collaborations/Features boyfriend
55%
Christmas & Chill December
55%
Collaborations/Features Die For You - Remix
55%
Victorious Give It Up
55%
eternal sunshine deluxe: brighter days ahead Hampstead
55%
Dangerous Woman Jason's Song (Gave It Away)
55%
Christmas Kisses Last Christmas
55%
Christmas Kisses Love Is Everything
55%
Positions (Deluxe) main thing
55%
Wicked: The Soundtrack No One Mourns the Wicked
55%
Positions obvious
55%
Singles Put Your Hearts Up
55%
Collaborations/Features Rain On Me
55%
Positions (Deluxe) someone like u - interlude
55%
Dangerous Woman Thinking Bout You
55%
Collaborations/Features Beauty and the Beast
45%
Collaborations/Features Bed
45%
Wicked: The Soundtrack Dancing Through Life
45%
Collaborations/Features Faith
45%
Collaborations/Features Good As Hell
45%
Charlie's Angels (Original Motion Picture Soundtrack) How I Look On You
45%
Christmas & Chill Not Just On Christmas
45%
Christmas Singles/Collaborations/Others Santa, Can't You Hear Me
45%
My Everything (Tenth Anniversary Edition) Too Close
45%
Christmas & Chill True Love
45%
Christmas & Chill Wit It This Christmas
45%
My Everything (Deluxe) You Don't Know Me
45%
Charlie's Angels (Original Motion Picture Soundtrack) Bad To You
36%
Wicked: The Soundtrack Dear Old Shiz
36%
Wicked: For Good - The Soundtrack For Good
36%
Christmas Singles/Collaborations/Others It Was A... (Masked Christmas)
36%
Christmas Singles/Collaborations/Others Oh Santa!
36%
Wicked: The Soundtrack One Short Day
36%
Collaborations/Features Quit
36%
Singles Somewhere Over The Rainbow
36%
Wicked: For Good - The Soundtrack The Girl in the Bubble
36%
Wicked: The Soundtrack What Is This Feeling?
36%
Christmas & Chill Winter Things
36%
eternal sunshine (slightly deluxe) yes, and? - remix
36%
Collaborations/Features Get On Your Knees
27%
Charlie's Angels (Original Motion Picture Soundtrack) Got Her Own
27%
Collaborations/Features Heatstroke
27%
Collaborations/Features I Don't Do Drugs
27%
Wicked: For Good - The Soundtrack I'm Not That Girl (Reprise)
27%
Victorious It's Not Christmas Without You
27%
Collaborations/Features Just Look Up
27%
Hairspray LIVE! Original Soundtrack Mama, I'm a Big Girl Now
27%
Collaborations/Features Met Him Last Night
27%
Collaborations/Features Rule The World
27%
Christmas Singles/Collaborations/Others Santa Tell Me - Naughty Version
27%
eternal sunshine (slightly deluxe) supernatural - remix
27%
Collaborations/Features Sympathy is a knife
27%
Wicked: For Good - The Soundtrack Thank Goodness/I Couldn't Be Happier
27%
Singles the boy is mine - remix
27%
Yours Truly (Tenth Anniversary Edition) The Way- Spanglish Version
27%
Wicked: For Good - The Soundtrack Wonderful
27%
Collaborations/Features Adore
18%
Collaborations/Features All My Love
18%
Collaborations/Features E piu ti penso
18%
Collaborations/Features Hotel Rock Bottom
18%
Collaborations/Features I Don't Know Why (I Just Do)
18%
Collaborations/Features My Favourite Part
18%
Charlie's Angels (Original Motion Picture Soundtrack) Nobody
18%
Hairspray LIVE! Original Soundtrack You Can't Stop the Beat
18%
Singles Zero To Hero
18%
Victorious 5 Finaz to the Face
9%
13 (Original Broadway Cast Recording) A Little More Homework
9%
13 (Original Broadway Cast Recording) Brand New You
9%
Hairspray LIVE! Original Soundtrack Come So Far (Got So Far to Go)
9%
Collaborations/Features Dance To This
9%
Collaborations/Features Earth
9%
Wicked: For Good - The Soundtrack Every Day More Wicked
9%
Collaborations/Features Get Happy/Happy Days Are Here Again
9%
eternal sunshine deluxe: brighter days ahead into (end of the world) - extended
9%
Victorious I Want You Back
9%
Collaborations/Features Research
9%
Victorious Shut Up And Dance
9%
Singles The Wizard And I- Live
9%
Singles They Don't Know
9%
Collaborations/Features Time
9%
Hairspray LIVE! Original Soundtrack Without Love
9%
Collaborations/Features You Don't Own Me
9%
Collaborations/Features Arturo Sandoval
0%
Collaborations/Features Boys Like You
0%
Victorious Leave It All To Shine
0%
Collaborations/Features One Heart, One Voice
0%
Collaborations/Features Over And Over Again
0%
Collaborations/Features Still Hurting
0%
No matching quizzes found
Score Distribution
Percent of People with Each Score
Percentile by Number Answered
Your Score History
You have not taken this quiz